Academic skills : (Record no. 17073)
[ view plain ]
| 000 -LEADER | |
|---|---|
| fixed length control field | 01348nam a22003735a 4500 |
| 003 - CONTROL NUMBER IDENTIFIER | |
| control field | EG-ScBUE |
| 005 - DATE AND TIME OF LATEST TRANSACTION | |
| control field | 20220529130423.0 |
| 006 - FIXED-LENGTH DATA ELEMENTS--ADDITIONAL MATERIAL CHARACTERISTICS--GENERAL INFORMATION | |
| fixed length control field | m||||fq||h 00| 0 |
| 008 - FIXED-LENGTH DATA ELEMENTS--GENERAL INFORMATION | |
| fixed length control field | 120912r20152011enk f 000 0 eng d |
| 020 ## - INTERNATIONAL STANDARD BOOK NUMBER | |
| International Standard Book Number | 9780194741644 (Teacher's Guide Pack) |
| 020 ## - INTERNATIONAL STANDARD BOOK NUMBER | |
| International Standard Book Number | 9780194742092 (Teacher's Guide) |
| 020 ## - INTERNATIONAL STANDARD BOOK NUMBER | |
| International Standard Book Number | 9780194742061 (Tests CD-ROM) |
| 040 ## - CATALOGING SOURCE | |
| Original cataloging agency | EG-ScBUE |
| Language of cataloging | eng |
| Description conventions | rda |
| Transcribing agency | EG-ScBUE |
| Modifying agency | EG-ScBUE |
| 082 04 - DEWEY DECIMAL CLASSIFICATION NUMBER | |
| Classification number | 428.24 |
| Item number | PHI |
| Edition number | 22 |
| 100 1# - MAIN ENTRY--PERSONAL NAME | |
| Personal name | Philpot, Sarah, |
| Relator term | author. |
| 9 (RLIN) | 30903 |
| 245 10 - TITLE STATEMENT | |
| Title | Academic skills : |
| Remainder of title | reading, writing, and study skills. |
| Number of part/section of a work | level 3, |
| Name of part/section of a work | Teacher's guide / |
| Statement of responsibility, etc | Sarah Philpot and Lesley Curnick. |
| 246 30 - VARYING FORM OF TITLE | |
| Title proper/short title | Teacher's guide |
| 250 ## - EDITION STATEMENT | |
| Edition statement | Reprinted edition. |
| 264 #1 - PUBLICATION, DISTRIBUTION, ETC. (IMPRINT) | |
| Place of publication, distribution, etc | Oxford : |
| Name of publisher, distributor, etc | Oxford University Press, |
| Date of publication, distribution, etc | 2015. |
| 300 ## - PHYSICAL DESCRIPTION | |
| Extent | 80 pages ; |
| Dimensions | 28 cm + |
| Accompanying material | 1 CD. |
| 336 ## - CONTENT TYPE | |
| Source | rdacontent |
| Content type term | text |
| Content type code | txt |
| 336 ## - CONTENT TYPE | |
| Source | rdacontent |
| Content type term | sounds |
| Content type code | snd |
| 337 ## - MEDIA TYPE | |
| Source | rdamedia |
| Media type term | unmediated |
| Media type code | n |
| 337 ## - MEDIA TYPE | |
| Source | rdamedia |
| Media type term | audio |
| Media type code | s |
| 338 ## - CARRIER TYPE | |
| Source | rdacarrier |
| Carrier type term | volume |
| Carrier type code | nc |
| 338 ## - CARRIER TYPE | |
| Source | rdacarrier |
| Carrier type term | computer disc |
| Carrier type code | cd |
| 490 0# - SERIES STATEMENT | |
| Series statement | Headway academic Skills |
| 650 #7 - SUBJECT ADDED ENTRY--TOPICAL TERM | |
| Topical term or geographic name as entry element | English language |
| General subdivision | Study and teaching (Higher) |
| -- | Foreign speakers. |
| Source of heading or term | BUEsh |
| 651 ## - SUBJECT ADDED ENTRY--GEOGRAPHIC NAME | |
| Source of heading or term | BUEsh |
| 653 ## - INDEX TERM--UNCONTROLLED | |
| Resource For college | Humanities: English |
| Arrived date list | September2012 |
| -- | October2012 |
| -- | October2015 |
| -- | January2019 |
| 655 ## - INDEX TERM--GENRE/FORM | |
| Form subdivision | Reading book |
| 9 (RLIN) | 34232 |
| 700 1# - ADDED ENTRY--PERSONAL NAME | |
| Personal name | Curnick, Lesley, |
| Relator term | author. |
| 9 (RLIN) | 19904 |
| 942 ## - ADDED ENTRY ELEMENTS (KOHA) | |
| Source of classification or shelving scheme | Dewey Decimal Classification |
| Koha item type | Book - Teacher Resource |
| Withdrawn status | Lost status | Source of classification or shelving scheme | Damaged status | Not for loan | Collection code | Home library | Current library | Shelving location | Date acquired | Source of acquisition | Cost, normal purchase price | Serial Enumeration / chronology | Total Checkouts | Full call number | Barcode | Date last seen | Date checked out | Koha item type | Total Renewals | Price effective from |
|---|---|---|---|---|---|---|---|---|---|---|---|---|---|---|---|---|---|---|---|---|
| Dewey Decimal Classification | Baccah | Central Library | Central Library | Second Floor | 16/10/2012 | Purchase | 80.00 | 12 | 1 | 428.24 PHI | 000027654 | 15/07/2025 | 28/09/2016 | Book - Teacher Resource | ||||||
| Dewey Decimal Classification | Baccah | Central Library | Central Library | Second Floor | 16/10/2012 | Purchase | 80.00 | 12 | 428.24 PHI | 000027655 | 15/07/2025 | Book - Teacher Resource | ||||||||
| Dewey Decimal Classification | Baccah | Central Library | Central Library | Second Floor | 16/10/2012 | Purchase | 2 | 428.24 PHI | 000027656 | 24/08/2022 | 09/09/2019 | CD | DVD - With Teacher Resource | 16 | |||||||
| Dewey Decimal Classification | Baccah | Central Library | Central Library | Second Floor | 16/10/2012 | Purchase | 428.24 PHI | 000027657 | 24/08/2022 | CD | DVD - With Teacher Resource | ||||||||||
| Dewey Decimal Classification | Baccah | Central Library | Central Library | Second Floor | 19/10/2015 | Purchase | 428.24 PHI | 000039980 | 15/07/2025 | Book - Teacher Resource | 19/10/2015 | |||||||||
| Dewey Decimal Classification | Baccah | Central Library | Central Library | Second Floor | 19/10/2015 | Purchase | 428.24 PHI | 000039979 | 24/08/2022 | CD | DVD - With Teacher Resource | 19/10/2015 | |||||||||
| Dewey Decimal Classification | Baccah | Central Library | Central Library | Second Floor | 19/10/2015 | Purchase | 1 | 428.24 PHI | 000039978 | 15/07/2025 | 09/09/2019 | Book - Teacher Resource | 6 | 19/10/2015 | ||||||
| Dewey Decimal Classification | Baccah | Central Library | Central Library | Second Floor | 19/10/2015 | Purchase | 428.24 PHI | 000039977 | 24/08/2022 | CD | DVD - With Teacher Resource | 19/10/2015 | |||||||||
| Dewey Decimal Classification | Baccah | Central Library | Central Library | Second Floor | 19/10/2015 | Purchase | 428.24 PHI | 000039976 | 15/07/2025 | Book - Teacher Resource | 19/10/2015 | |||||||||
| Dewey Decimal Classification | Baccah | Central Library | Central Library | Second Floor | 19/10/2015 | Purchase | 428.24 PHI | 000039975 | 24/08/2022 | CD | DVD - With Teacher Resource | 19/10/2015 |